| 000 | 00415 a2200145 4500 | ||
|---|---|---|---|
| 999 |
_c8417 _d8417 |
||
| 020 | _a9780869857694 | ||
| 050 | _aPL8771.9 NET 1984 | ||
| 100 |
_a _eauthor |
||
| 245 |
_aVho lu fukula _cby M.J. Netshivhuyu |
||
| 264 |
_aPietermaritzburg: _bShuter and Shooter, _c1984. |
||
| 300 | _a81p. ; | ||
| 500 | _aIn Venda | ||
| 650 |
_aFiction _xVenda |
||
| 942 |
_2lcc _cBK _h8771.9 _iNET _kPL |
||